000 00562nam a2200205Ia 4500
003 GCL
008 140319s9999 xx 000 0 eng d
040 _aGCL /
_cGCL
082 0 4 _a321.809
_bA D
100 1 _aARAT, ZEHRA F.
245 1 0 _aDEMOCRACY AND HUMAN RIGHTS IN DEVELOPING COUNTRIES /
_cARAT, ZEHRA F.
260 _a[S.N] :
_bLYNNE RIENNER PUBLISHING ،
_c1991
300 _a217 P
650 0 4 _aHUMAN RIGHTS
650 0 4 _aDEMOCRACY
650 0 4 _aCIVIL RIGHTS
650 0 4 _aDEVELOPING COUNTRIES
650 0 4 _aPOLICY - GOVERNMENT
942 _2ddc
_cBK
999 _c24293
_d24293